000 00308nam a22001337a 4500
003 SGT
020 _a9789392787508
082 _a611,ANE
100 _aANEJA PRACHI SAFFAR
245 _aANATOMY TEACHING DIARY FOR UNDERGRADUATE STUDENTS
260 _aNEW DELHI
_bSSB
_c2022
300 _a94
942 _2ddc
_cBK
999 _c32159
_d32159